000 00562pam a2200193 a 4500
001 4296508
005 20250124195456.0
008 860429s1987 nju b 001 0 eng
020 _a0135674476 (pbk.) :
_c$16.95
050 0 0 _aHM51
_b.M325 1987
082 0 0 _a301
_219
245 0 4 _aThe Meaning of sociology :
_ba reader /
_cJoel M. Charon, editor.
250 _a2nd ed.
260 _aEnglewood Cliffs, N.J. :
_bPrentice-Hall,
_cc1987.
300 _a357 p. ;
_c23 cm.
650 0 _aSociology.
700 1 _aCharon, Joel M.,
_d1939-
942 _2lcc
_cBK
_e2nd Ed.
_n0
999 _c3056
_d3056